|
|
|
|
| LEADER |
00720cam a2200217ua 4500 |
| 008 |
060815t1999||||||||||| 001 ||eng c |
| 020 |
|
|
|a 0-415-15306-9
|
| 041 |
0 |
|
|a eng
|
| 082 |
|
|
|a 820.803 53
|b NIN
|
| 245 |
1 |
0 |
|a Nineteenth century writings on homosexuality: A source book /
|
| 260 |
|
|
|a London:
|b Routledge,
|c 1999.
|
| 300 |
|
|
|a xi, 374p..
|
| 362 |
1 |
|
|a 1999.
|
| 365 |
|
|
|a Pd. 20.99
|e pb.
|
| 500 |
|
|
|a Includes bibliographies and index.
|
| 504 |
|
|
|a .
|
| 650 |
|
|
|a Homosexuality-Great britain-literary collections
|
| 650 |
0 |
|
|a English Literature
|
| 942 |
|
|
|c BK
|
| 999 |
|
|
|c 12109
|d 12109
|
| 952 |
|
|
|0 0
|1 0
|4 0
|6 820_803000000000000_53_NI
|7 0
|9 12644
|a KUCL
|b KUCL
|d 2014-05-23
|l 0
|o 820.803 53 NI
|p 13988
|r 2014-05-23
|w 2014-05-23
|y BK
|